00534nam a22001575i 4500001000700000003000900007005001700016008004100033040001800074100002900092245010300121260006200224300002200286610003600308852003200344166329ES-MaACL20230906213317.0970829s1895 sp |||| | spa d aAR bspa cAR1 aTirado y Rojas, Mariano.14aLas tras-logias b: continuación de "La Masonería en España" / cpor Mariano Tirado y Rojas. aMadrid : b[s.n.], c1895 (fEstab. tip. de Ricardo Fé) a278 p. ; c18 cm.24aMasonería-zEspaña-yS.XIX. aES-MaACLjD-3513 z-- Rust.